Working with couples for marriage enrichment : A guide to developing, conducting and evaluating programs

Bibliographic Details
Main Author: Garland, Diana S. Richmond
Format: Book
Published: San Francisco : Josey-bass Publisher , 1983
Subjects:

MARC

LEADER 00000cam a2200000 7i4500
001 0000007143
005 20050622.0
020 |a 0875895735 
040 |a INS 
090 0 0 |a HQ734.   |b G254 1983 
100 1 |a Garland, Diana S. Richmond 
245 1 0 |a Working with couples for marriage enrichment :   |b A guide to developing, conducting and evaluating programs   |c Diana S. Richmond Garland 
260 |a San Francisco :   |b Josey-bass Publisher ,   |c 1983 
300 |a 355p ;   |c 23 cm. 
650 0 0 |a Groups relations training 
650 0 0 |a Hadith stories 
650 0 0 |a Marriage 
650 0 0 |a Marriage counselling 
999 |a 0000001953   |b BOOK   |c Open Shelf   |e Default branch